| 000 | 00925nmm a2200277 a 4500 | ||
|---|---|---|---|
| 001 | ocm000604989 | ||
| 003 | TR-IsHL | ||
| 005 | 20201028125744.0 | ||
| 008 | 130927s1998 tu tur | ||
| 007 | cr cn | ||
| 020 | _a9789755122960 | ||
| 035 |
_a604989 _b(N$T) |
||
| 050 | 0 | 4 |
_aHF5548.32 _b.E35 1998 |
| 090 | 0 | 4 |
_aHF5548.32 _b.E35 1998 |
| 100 | 1 | _aEkin, Nusret | |
| 245 | 1 | 0 |
_aBilgi ekonomisinde elektronik ticaret _h[electronic resource] / _cNusret Ekin |
| 250 | _a1. bs. | ||
| 260 |
_aİstanbul : _bİstanbul Ticaret Odası, _c1998 |
||
| 300 | _a174 p. | ||
| 650 | 4 | _aEkonomi ve Finans | |
| 650 | 4 | _aEconomics and Finance | |
| 650 | 0 | _aElektronik ticaret | |
| 650 | 0 | _aElectronic commerce | |
| 650 | 7 |
_aBUSINESS & ECONOMICS / E-Commerce / General (see alsoCOMPUTERS / Electronic Commerce) _2bisacsh |
|
| 856 | 4 | 0 | _uhttp://search.ebscohost.com/login.aspx?direct=true&scope=site&db=e011xww&AN=604989 |
| 999 |
_c3652 _d3652 |
||